Dutch Football A-Z - Statistics

General Stats
  • This quiz has been taken 548 times
  • The average score is 17 of 24
Answer Stats
Clue Answer % Correct
A Clubs with the most domestic titles AFC Ajax
99%
C The greatest Dutch player ever Johan Cruijff
97%
O The national team colour Orange
90%
F Most recent club to win a European tournament Feyenoord
89%
P The best performing club in the 21st century PSV Eindhoven
88%
B Played for Arsenal from 1995 till 2006 Dennis Bergkamp
84%
E The league Eredivisie
84%
R Played for FC Groningen, PSV, Chelsea, Real Madrid and Bayern Munich Arjen Robben
83%
G Ballon d'Or winner in 1987 Ruud Gullit
80%
D Current Dutch national team captain Virgil van Dijk
75%
J Most common last name for players of the Dutch national team De Jong
73%
U Club with the same name as its city FC Utrecht
73%
Q First name of Dutch player Promes Quincy
73%
T Club from Enschede FC Twente
71%
I First name of Afellay Ibrahim
68%
L Won the Golden Boy Award in 2018 Matthijs de Ligt
67%
W The Dutch team reached the final of this tournament in 1974, 1978 and 2010 World Cup
65%
H Other name for the Dutch national team Holland
64%
V "Football" in Dutch Voetbal
61%
S Most capped player for the National team Wesley Sneijder
54%
K Dutch FA KNVB
52%
N 'Van the Man' Ruud van Nistelrooij
50%
M Scored the fastest goal ever scored in the UEFA Champions League Roy Makaay
27%
Z Played for PSV, Barcelona, Chelsea and Liverpool (and more) Boudewijn Zenden
23%
No matching quizzes found
Score Distribution
Percent of People with Each Score
Percentile by Number Answered
Your Score History
You have not taken this quiz